Tres discursos pronunciados ante la tumba del Señor Don Francisco I. Madero en la gran ceremonia efectuada el día 22 de febrero de 1923 organizada por la asociación pro-Madero Pino Suárez

Detalles Bibliográficos
Autor principal: Castillo Torre, José
Formato: Libro
Lenguaje:Spanish
Publicado: México : s.n., 1923.
Materias:
Colección:Banco de datos
Acervo:Universidad Autónoma Benito Juárez de Oaxaca. Biblioteca Francisco de Burgoa. Colección moderna
Descripción Física:24 p. ; 19 cm.
Tema general:Historia de México
Notas:Portada tipográfica con viñeta. Texto a renglón seguido con paginación en números arábigos. Falta encuadernación. Ex libris manuscrito en la anteportada: "A la Biblioteca pública del Estado"
LEADER 00976nam a22001810004500
035 |a 378 
041 0 |a spa 
100 1 |a Castillo Torre, José 
245 1 0 |a Tres discursos pronunciados ante la tumba del Señor Don Francisco I. Madero en la gran ceremonia efectuada el día 22 de febrero de 1923 organizada por la asociación pro-Madero Pino Suárez  
260 |a México : s.n., 1923. 
300 |a 24 p. ; 19 cm.  
500 |a Portada tipográfica con viñeta. Texto a renglón seguido con paginación en números arábigos. Falta encuadernación. Ex libris manuscrito en la anteportada: "A la Biblioteca pública del Estado" 
600 1 4 |a Madero, Francisco I., 1873-1913 
650 1 0 |a Historia de México 
852 |a Universidad Autónoma "Benito Juárez" de Oaxaca, Biblioteca Francisco de Burgoa, Colección moderna 18608 
942 |c BURMOD 
943 |g Universidad Autónoma Benito Juárez de Oaxaca. Biblioteca Francisco de Burgoa. Colección moderna 
999 |c 1124821  |d 1124821